000 00297nam a22001337a 4500
008 170126b xxu||||| |||| 00| 0 eng d
020 _a9781437716436
041 _aeng
080 _a61
100 _a3
101 _aMED
245 _a2011 STEP-BY-STEP MEDICAL CODING
_cBUCK, C.J
942 _2udc
_cBK
999 _c3788
_d3788